000 00742nam a2200229Ia 4500
003 OSt
005 20220923221803.0
006 a|||||r|||| 00| 0
007 ta
008 220922b |||||||| |||| 00| 0 hin d
024 _a200,053
037 _cTextual
040 _aARTS
_cARTS
_bhin
041 _2hin
_ahin
082 _aQ3, 152K32
100 _aदिवाकर, सिद्धसेन
_9156292
245 0 _aसेन्मति प्रकरण शंतिलाल जैन
246 _aSenmati prakaraṇ shantilāl jaina
490 _aज्ञानोदय ग्रंथमाला 2
942 _hQ3, 152K32
_cTEXL
_2CC
999 _c351755
_d351755